[Event "Bad Pyrmont Pape op-A 2nd"]
[Site "Bad Pyrmont"]
[Date "2023.08.10"]
[Round "1"]
[White "Reller, Ole"]
[Black "Goldinger, Peter"]
[Result "1/2-1/2"]
[WhiteElo "1846"]
[BlackElo "2072"]
[PlyCount "113"]
[EventDate "2023.08.10"]
[EventType "swiss"]
[EventRounds "7"]
[EventCountry "GER"]
[SourceTitle "EXT 2024"]
[Source "ChessBase"]
[SourceDate "2023.10.10"]
[SourceVersion "1"]
[SourceVersionDate "2023.10.10"]
[SourceQuality "1"]

1. Nf3 d5 2. e3 a6 3. c4 Nf6 4. cxd5 Nxd5 5. d4 e6 6. Bd3 c5 7. 0-0 cxd4 8. exd4 Nc6 9. Nc3 Be7 10. Bc2 Nxc3 11. bxc3 b5 12. Be4 Bb7 13. Ne5 Qc8 14. Qg4 g6 15. Bxc6+ Bxc6 16. Bh6 Bd5 17. Qf4 f6 18. Ng4 Qd8 19. a4 g5 20. Qe3 Rg8 21. f4 f5 22. Ne5 gxf4 23. Rxf4 Rxg2+ 24. Kf1 Rxh2 25. Qg3 Rg2 26. Qh3 Bf6 27. Qh5+ Ke7 28. Qf7+ Kd6 29. Bf8+ Be7 30. Bg7 Qg8 31. Qxg8 Rxg8 32. Nf7+ Kc6 33. axb5+ axb5 34. Ne5+ Kb7 35. Rb1 Kc8 36. Rxb5 R8xg7 37. c4 Bb7 38. d5 exd5 39. cxd5 Ba6 40. Rc4+ Bc5 41. Rbxc5+ Kb7 42. d6 Rc2 43. d7 Rxd7 44. Nxd7 Rxc4 45. Kf2 Rxc5 46. Nxc5+ Kb6 47. Nd7+ Kc7 48. Nf6 h6 49. Ng8 h5 50. Kg3 Be2 51. Nh6 Bd3 52. Kh4 f4 53. Kxh5 Kd6 54. Kg5 f3 55. Ng4 Kd5 56. Kf4 Be2 57. Nh2 1/2-1/2

[Event "Bodensee op Seniors 6th"]
[Site "Bregenz"]
[Date "2022.05.25"]
[Round "4"]
[White "Goldinger, Peter"]
[Black "Herold, Hansjoerg"]
[Result "1-0"]
[WhiteElo "2063"]
[BlackElo "1849"]
[PlyCount "73"]
[EventDate "2022.05.22"]
[EventType "swiss"]
[EventRounds "7"]
[EventCountry "AUT"]
[SourceTitle "CBM 208 Extra"]
[Source "ChessBase"]
[SourceDate "2022.07.31"]
[SourceVersion "1"]
[SourceVersionDate "2022.07.31"]
[SourceQuality "1"]

1. d4 Nf6 2. c4 d5 3. Nf3 e6 4. g3 c5 5. cxd5 Nxd5 6. Bg2 cxd4 7. 0-0 Be7 8. Nxd4 0-0 9. e4 Nf6 10. Nc3 e5 11. Nf5 Nc6 12. Bg5 Bxf5 13. exf5 Qxd1 14. Raxd1 Rfd8 15. Rfe1 Rxd1 16. Rxd1 Rd8 17. Re1 h6 18. Bxc6 bxc6 19. Rxe5 Bb4 20. Bxf6 Bxc3 21. Bxd8 Bxe5 22. b3 Kf8 23. f4 Bd4+ 24. Kg2 Ke8 25. Bh4 Kd7 26. Kf3 Kd6 27. Ke4 Bg1 28. h3 Bf2 29. Kf3 Bc5 30. g4 Kd5 31. Bd8 Kd4 32. f6 g6 33. Be7 Bb6 34. h4 h5 35. g5 Kc3 36. f5 gxf5 37. g6 1-0

[Event "Bodensee op Seniors 6th"]
[Site "Bregenz"]
[Date "2022.05.22"]
[Round "1"]
[White "Bruns, Patrick"]
[Black "Goldinger, Peter"]
[Result "0-1"]
[WhiteElo "1751"]
[BlackElo "2063"]
[PlyCount "110"]
[EventDate "2022.05.22"]
[EventType "swiss"]
[EventRounds "7"]
[EventCountry "AUT"]
[SourceTitle "CBM 208 Extra"]
[Source "ChessBase"]
[SourceDate "2022.07.31"]
[SourceVersion "1"]
[SourceVersionDate "2022.07.31"]
[SourceQuality "1"]

1. e4 c5 2. Nf3 d6 3. Bb5+ Nd7 4. 0-0 a6 5. Bxd7+ Bxd7 6. c4 Qc7 7. Nc3 e6 8. Qe2 Ne7 9. d4 Nc6 10. Be3 Be7 11. d5 Ne5 12. h3 Nxf3+ 13. Qxf3 0-0 14. a4 Rab8 15. Qg3 Kh8 16. f4 b5 17. axb5 axb5 18. cxb5 Bxb5 19. Nxb5 Rxb5 20. Ra2 exd5 21. exd5 Qb7 22. Qf3 Bf6 23. Rd1 Rxb2 24. Rxb2 Qxb2 25. f5 Qb3 26. Bf4 Qxf3 27. gxf3 Rd8 28. Re1 g6 29. fxg6 hxg6 30. Re4 Kg7 31. Ra4 g5 32. Bg3 Be5 33. f4 gxf4 34. Bxf4 Kf6 35. Kf2 Rd7 36. Be3 Kf5 37. Rh4 Bf6 38. Rf4+ Ke5 39. Kf3 Bd8 40. h4 Kxd5 41. h5 Kc6 42. Rf5 f6 43. h6 d5 44. Rh5 Rh7 45. Kg4 d4 46. Bf4 f5+ 47. Rxf5 c4 48. Kh5 Bc7 49. Kg6 Bxf4 50. Rxf4 Rxh6+ 51. Kxh6 Kd5 52. Kg5 d3 53. Rf8 c3 54. Kf4 c2 55. Rd8+ Ke6 0-1

[Event "Lugano op 10"]
[Site "Lugano"]
[Date "2021.10.31"]
[Round "3"]
[White "Goldinger, Peter"]
[Black "Paul, Martin1111"]
[Result "1-0"]
[WhiteElo "2072"]
[BlackElo "1549"]
[PlyCount "61"]
[EventDate "2021.10.29"]
[EventType "swiss"]
[EventRounds "5"]
[EventCountry "SUI"]
[SourceTitle "CBM 205 Extra"]
[Source "ChessBase"]
[SourceDate "2022.01.31"]
[SourceVersion "1"]
[SourceVersionDate "2022.01.31"]
[SourceQuality "1"]

1. d4 Nf6 2. c4 g6 3. Nc3 Bg7 4. e4 d6 5. h3 Nbd7 6. Be3 c5 7. e5 dxe5 8. dxe5 Nxe5 9. Qxd8+ Kxd8 10. 0-0-0+ Ke8 11. Nb5 Bd7 12. Nc7+ Kd8 13. Nxa8 Kc8 14. Bxc5 Kb8 15. Bxe7 Kxa8 16. Bxf6 Bxf6 17. f4 Bf5 18. fxe5 Bg5+ 19. Rd2 Re8 20. Nf3 Bxd2+ 21. Kxd2 a6 22. Be2 Rd8+ 23. Ke3 Rc8 24. Rd1 Re8 25. g4 Bc8 26. Rd6 Ka7 27. c5 h6 28. Kd4 Be6 29. Bc4 Bxc4 30. Kxc4 Re7 31. Kd5 1-0

[Event "Bamberg op-A 3rd"]
[Site "Bamberg"]
[Date "2021.07.29"]
[Round "2"]
[White "Goldbeck, Lars"]
[Black "Goldinger, Peter"]
[Result "0-1"]
[WhiteElo "2207"]
[BlackElo "2062"]
[PlyCount "98"]
[EventDate "2021.07.28"]
[EventType "swiss"]
[EventRounds "7"]
[EventCountry "GER"]
[SourceTitle "EXT 2022"]
[Source "ChessBase"]
[SourceDate "2021.10.06"]
[SourceVersion "1"]
[SourceVersionDate "2021.10.06"]
[SourceQuality "1"]

1. d4 d5 2. Nf3 e6 3. c4 Bb4+ 4. Nbd2 dxc4 5. Qa4+ Nc6 6. a3 Bxd2+ 7. Bxd2 Qd5 8. Qc2 Nf6 9. e3 b5 10. a4 Ba6 11. axb5 Bxb5 12. Be2 0-0 13. 0-0 e5 14. Nxe5 Nxe5 15. dxe5 Qxe5 16. Bf3 c6 17. Bc3 Qe6 18. e4 Rfd8 19. Rfe1 Nd7 20. e5 Nc5 21. g3 Nd3 22. Re3 a6 23. Qe2 Ra7 24. Bg4 Qe7 25. e6 f6 26. Bf5 c5 27. Qh5 g6 28. Qh4 Rd4 29. Be4 f5 30. Qxe7 Rxe7 31. Bg2 Kf8 32. Bxd4 cxd4 33. Re2 Nc5 34. Re5 Nd3 35. Re2 Nc5 36. Re5 Nd3 37. Rd5 Nxb2 38. Rxd4 Rxe6 39. Rd8+ Ke7 40. Rh8 Kd6 41. Rxh7 Kc5 42. Rb1 c3 43. Rc7+ Kb4 44. Bf1 Rc6 45. Rb7 Rc5 46. h4 Kb3 47. Bd3 Rd5 48. Bf1 c2 49. Rc1 Rd1 0-1

[Event "GER-ch Net blitz sf"]
[Site "Playchess.com INT"]
[Date "2021.06.05"]
[Round "10"]
[White "Goldinger, Peter"]
[Black "Hundack, Rolf"]
[Result "1-0"]
[WhiteElo "2123"]
[BlackElo "2055"]
[PlyCount "87"]
[EventDate "2021.06.05"]
[EventType "swiss (blitz)"]
[EventRounds "13"]
[EventCountry "GER"]
[SourceTitle "EXT 2023"]
[Source "ChessBase"]
[SourceDate "2022.10.05"]
[SourceVersion "1"]
[SourceVersionDate "2022.10.05"]
[SourceQuality "1"]

1. d4 Nf6 2. c4 e5 3. dxe5 Ng4 4. e3 Nxe5 5. f4 Nec6 6. Nc3 Bb4 7. Bd2 0-0 8. Bd3 d6 9. Nge2 Qh4+ 10. Ng3 Bg4 11. Qc2 Bc5 12. a3 Re8 13. Nd5 Nd4 14. Qc3 Nbc6 15. Nxc7 Rac8 16. Nxe8 Rxe8 17. b4 Bb6 18. 0-0 Ne6 19. Rae1 h5 20. Bb1 g6 21. Ne4 Bd8 22. Nxd6 Rf8 23. Qc2 Bf6 24. Bc3 Bxc3 25. Qxc3 f6 26. Nxb7 Ng7 27. b5 Ne7 28. c5 Nef5 29. c6 Ne6 30. Ba2 Nfg7 31. Nc5 Kh7 32. Nxe6 Nxe6 33. Bxe6 Bxe6 34. a4 Qg4 35. a5 h4 36. b6 h3 37. g3 axb6 38. axb6 Bd5 39. e4 Ra8 40. Qxf6 Ra2 41. Rf2 Rxf2 42. Kxf2 Bxe4 43. Qh4+ Qxh4 44. gxh4 1-0

[Event "GER-ch Net blitz sf"]
[Site "Playchess.com INT"]
[Date "2021.06.05"]
[Round "4"]
[White "Goldinger, Peter"]
[Black "Koellner, Ruben Gideon"]
[Result "1-0"]
[WhiteElo "2123"]
[BlackElo "2080"]
[PlyCount "59"]
[EventDate "2021.06.05"]
[EventType "swiss (blitz)"]
[EventRounds "13"]
[EventCountry "GER"]
[SourceTitle "EXT 2023"]
[Source "ChessBase"]
[SourceDate "2022.10.05"]
[SourceVersion "1"]
[SourceVersionDate "2022.10.05"]
[SourceQuality "1"]

1. g4 d6 2. Bg2 c6 3. g5 e5 4. d4 exd4 5. Qxd4 d5 6. e4 dxe4 7. Qxd8+ Kxd8 8. Bxe4 Be6 9. Nc3 Nd7 10. Nf3 Ne7 11. Bf4 Ng6 12. Bg3 Bb4 13. 0-0-0 Bxc3 14. bxc3 Kc8 15. Rhe1 Re8 16. Nd4 Bxa2 17. Bxg6 Rxe1 18. Rxe1 Kd8 19. Bxh7 g6 20. f4 Nf8 21. Bg8 Kd7 22. f5 c5 23. Nf3 gxf5 24. Ne5+ Ke8 25. Nxf7+ Kd7 26. Ne5+ Kc7 27. Bxa2 Re8 28. Ng6+ Kd8 29. Rxe8+ Kxe8 30. Nxf8 1-0

[Event "GER-ch Net blitz qual2"]
[Site "Playchess.com INT"]
[Date "2021.05.04"]
[Round "5"]
[White "Goldinger, Peter"]
[Black "Langrock, Hannes"]
[Result "0-1"]
[WhiteElo "1942"]
[BlackElo "2239"]
[PlyCount "58"]
[EventDate "2021.05.04"]
[EventType "swiss (blitz)"]
[EventRounds "11"]
[EventCountry "GER"]
[SourceTitle "CBM 202 Extra"]
[Source "ChessBase"]
[SourceDate "2021.07.31"]
[SourceVersion "1"]
[SourceVersionDate "2021.07.31"]
[SourceQuality "1"]

1. g4 d5 2. Bg2 c6 3. g5 Bf5 4. d4 e6 5. Nc3 Nd7 6. e4 dxe4 7. Nxe4 h6 8. h4 hxg5 9. hxg5 Rxh1 10. Bxh1 Qc7 11. Kf1 0-0-0 12. Bg2 Ne7 13. c3 Ng6 14. Ng3 Nh4 15. Nxf5 Nxf5 16. Nf3 Bd6 17. Qa4 Kb8 18. Be3 Bf4 19. Ke2 Nb6 20. Qa5 Bxe3 21. fxe3 Nxe3 22. Rg1 Nec4 23. Qb4 Qf4 24. Kf2 e5 25. Qe7 Rc8 26. dxe5 Nd5 27. Qc5 Nxb2 28. Qd4 Qf5 29. Bh3 Qxh3 0-1

[Event "GER-ch Net blitz qual2"]
[Site "Playchess.com INT"]
[Date "2021.05.04"]
[Round "9"]
[White "Goldinger, Peter"]
[Black "Pikal, Alexander"]
[Result "1-0"]
[WhiteElo "1942"]
[BlackElo "2076"]
[PlyCount "91"]
[EventDate "2021.05.04"]
[EventType "swiss (blitz)"]
[EventRounds "11"]
[EventCountry "GER"]
[SourceTitle "CBM 202 Extra"]
[Source "ChessBase"]
[SourceDate "2021.07.31"]
[SourceVersion "1"]
[SourceVersionDate "2021.07.31"]
[SourceQuality "1"]

1. d4 d5 2. e4 c6 3. e5 Bf5 4. Nf3 h6 5. Be2 e6 6. Be3 Bb4+ 7. c3 Ba5 8. Nbd2 Ne7 9. 0-0 Nd7 10. a4 Bc7 11. b4 0-0 12. Nb3 b6 13. a5 c5 14. axb6 axb6 15. Rxa8 Qxa8 16. Bb5 cxd4 17. cxd4 Nb8 18. Qa1 Nbc6 19. Qxa8 Rxa8 20. Bxc6 Nxc6 21. Rc1 Bxe5 22. Rxc6 Bf6 23. Rxb6 Ra3 24. Nc1 Ra1 25. h3 Be4 26. Kh2 Bxf3 27. gxf3 Bxd4 28. Bxd4 Rxc1 29. b5 Rc4 30. Rb8+ Kh7 31. Be5 f6 32. Bd6 d4 33. b6 d3 34. Rd8 Rd4 35. b7 d2 36. b8Q d1Q 37. Rh8+ Kg6 38. Qe8+ Kf5 39. Qh5+ g5 40. Bg3 Qf1 41. Rxh6 Rf4 42. Qg6+ Ke5 43. Qxf6+ Kd5 44. Qxe6+ Kc5 45. Qd6+ Kc4 46. Qa6+ 1-0

[Event "WchT Seniors 50"]
[Site "Prague"]
[Date "2020.03.10"]
[Round "5.10"]
[White "Pekarek, Ales"]
[Black "Goldinger, Peter"]
[Result "1-0"]
[WhiteElo "2274"]
[BlackElo "2052"]
[PlyCount "59"]
[EventDate "2020.03.06"]
[EventType "team-swiss"]
[EventRounds "7"]
[EventCountry "CZE"]
[SourceTitle "CBM 195 Extra"]
[Source "ChessBase"]
[SourceDate "2020.05.31"]
[SourceVersion "1"]
[SourceVersionDate "2020.05.31"]
[SourceQuality "1"]
[WhiteTeam "Czech Republic 50 III"]
[BlackTeam "Germany 50 VII"]
[WhiteTeamCountry "CZE"]
[BlackTeamCountry "GER"]

1. Nf3 d5 2. g3 c5 3. Bg2 Nc6 4. d4 e6 5. 0-0 Nf6 6. c4 cxd4 7. Nxd4 Be7 8. Nc3 0-0 9. cxd5 exd5 10. Bf4 a6 11. Rc1 Be6 12. Nxe6 fxe6 13. Na4 Re8 14. Be3 Nd7 15. f4 g6 16. Bf2 Nf6 17. Bb6 Qb8 18. Kh1 Bd8 19. Bg1 Na5 20. b3 b5 21. Nc5 Bb6 22. Bd4 Bxc5 23. Rxc5 Nd7 24. Rc1 Qb7 25. Bb2 Qb6 26. e4 Qd6 27. exd5 e5 28. fxe5 Nxe5 29. Qd4 Rad8 30. Rfe1 1-0

[Event "WchT Seniors 50"]
[Site "Prague"]
[Date "2020.03.08"]
[Round "3.21"]
[White "Goldinger, Peter"]
[Black "Nemec, Pavel"]
[Result "1/2-1/2"]
[WhiteElo "2052"]
[BlackElo "2224"]
[PlyCount "31"]
[EventDate "2020.03.06"]
[EventType "team-swiss"]
[EventRounds "7"]
[EventCountry "CZE"]
[SourceTitle "CBM 195 Extra"]
[Source "ChessBase"]
[SourceDate "2020.05.31"]
[SourceVersion "1"]
[SourceVersionDate "2020.05.31"]
[SourceQuality "1"]
[WhiteTeam "Germany 50 VII"]
[BlackTeam "Czech Republic 50 XII"]
[WhiteTeamCountry "GER"]
[BlackTeamCountry "CZE"]

1. d4 Nf6 2. c4 e6 3. g3 d5 4. Nf3 Be7 5. Bg2 0-0 6. 0-0 c6 7. Nc3 Nbd7 8. c5 b6 9. b4 a5 10. b5 cxb5 11. c6 Nb8 12. Ne5 Ba6 13. a4 b4 14. Nb5 Ne8 15. Bf4 g5 16. Nxf7 1/2-1/2

[Event "Baden Wuerttemberg-ch Seniors op 2nd"]
[Site "Freudenstadt"]
[Date "2016.07.07"]
[Round "7"]
[White "Streiter, Manfred"]
[Black "Goldinger, Peter"]
[Result "0-1"]
[WhiteElo "1983"]
[BlackElo "2078"]
[PlyCount "104"]
[EventDate "2016.07.01"]
[EventType "swiss"]
[EventRounds "9"]
[EventCountry "GER"]
[SourceTitle "EXT 2019"]
[Source "ChessBase"]
[SourceDate "2018.10.10"]
[SourceVersion "1"]
[SourceVersionDate "2018.10.10"]
[SourceQuality "1"]

1. Nf3 Nf6 2. g3 g6 3. Bg2 Bg7 4. c4 d6 5. Nc3 a6 6. Qc2 c6 7. 0-0 0-0 8. d3 e5 9. a4 a5 10. Bg5 Na6 11. Na2 Rb8 12. Rac1 h6 13. Bd2 Nd7 14. Nh4 Qe8 15. e4 b6 16. b4 axb4 17. Nxb4 Ndc5 18. Rb1 Ne6 19. Nxa6 Bxa6 20. Be3 b5 21. axb5 cxb5 22. cxb5 Bxb5 23. Rfc1 Qe7 24. Qd2 Kh7 25. Rb4 Rb7 26. Rcb1 Rfb8 27. Bf1 Bc6 28. Rb6 Rxb6 29. Rxb6 Rxb6 30. Bxb6 Qb7 31. Qa5 d5 32. f3 Bf6 33. Ng2 d4 34. Qa7 Qxa7 35. Bxa7 Bd8 36. Bb8 Bc7 37. Bxc7 Nxc7 38. f4 f6 39. fxe5 fxe5 40. Kf2 Ne6 41. h4 Bb5 42. Be2 Nc5 43. Ne1 Kg7 44. g4 Kf6 45. h5 g5 46. Kf1 Ke6 47. Kf2 Kd6 48. Kf1 Nd7 49. Bf3 Kc5 50. Be2 Kb4 51. Nf3 Kc3 52. Kf2 Bxd3 0-1

[Event "Arco op 23rd"]
[Site "Arco"]
[Date "2001.??.??"]
[Round "4"]
[White "Vismara, Daniele"]
[Black "Goldinger, Peter"]
[Result "1-0"]
[WhiteElo "2365"]
[BlackElo "2230"]
[PlyCount "41"]
[EventDate "2001.10.17"]
[EventType "swiss"]
[EventRounds "9"]
[EventCountry "ITA"]
[SourceTitle "CBM 085 Extra"]
[Source "ChessBase"]
[SourceDate "2002.01.21"]
[SourceVersion "1"]
[SourceVersionDate "2002.01.21"]
[SourceQuality "1"]

1. Nf3 b6 2. e4 Bb7 3. Nc3 g6 4. d4 d6 5. Bc4 e6 6. h4 Nd7 7. h5 gxh5 8. Qe2 Be7 9. Rxh5 Nf8 10. d5 Kd7 11. Nd4 Bf6 12. Bb5+ Ke7 13. Nf5+ exf5 14. exf5+ Be5 15. f6+ Nxf6 16. Rxe5+ dxe5 17. Qxe5+ Ne6 18. Bg5 Qg8 19. Qxf6+ Kd6 20. Bf4+ Kc5 21. Qe7+ 1-0